Palabras desconocidas de Jesús

Guardat en:
Dades bibliogràfiques
Autor principal: Jeremias, Joachim (autor)
Format: Llibre
Idioma:espanyol
Publicat: Salamanca Sígueme 1979
Edició:2a. ed
Col·lecció:Biblioteca de Estudios Bíblicos, 14
Matèries:
Etiquetes: Afegir etiqueta
Sense etiquetes, Sigues el primer a etiquetar aquest registre!

MARC

LEADER 00000nam a2200000 a 4500
001 UCX1637
003 CL-VaPUC
008 901008e19790000SP |||||||||||||||||spa|d
082 0 4 |a 220.6  |b JER  |2 21 
100 |a Jeremias, Joachim  |e autor  |9 317204 
245 1 0 |a Palabras desconocidas de Jesús 
250 |a 2a. ed 
300 |a 134 p 
942 |c BK 
945 |d 19901008 00:00:00 
260 |a Salamanca  |b Sígueme  |c 1979 
650 0 |a Biblia  |9 257603 
650 0 |a Crítica e interpretación   |9 255042 
650 0 |a Hermenéutica  |9 269473 
583 |a last modification  |c 19901008 00:00:00  |k Rodrigo Vera 
490 0 |a Biblioteca de Estudios Bíblicos, 14 
999 |c 222824  |d 222822 
952 |0 0  |1 0  |4 0  |6 220_600000000000000_JER_1979  |7 0  |8 A  |9 218066  |a BIBTEO  |b BIBTEO  |d 2019-11-15  |i 2869187  |o 220.6 JER 1979  |p 2869187  |r 2025-01-17  |w 2019-11-15  |y BK  |k ICR 
952 |0 0  |1 0  |4 0  |6 220_600000000000000_JER_1979  |7 0  |8 A  |9 218067  |a BIBTEO  |b BIBTEO  |d 2019-11-15  |i 2097443  |o 220.6 JER 1979  |p 2097443  |r 2025-01-17  |w 2019-11-15  |y BK  |k ICR